Architektura a urbanismus 2. poloviny 20. století /

Hlavní autor: Peřinková, Martina, 1964-
Korporativní autor: Vysoká škola báňská - Technická univerzita Ostrava. Stavební fakulta
Jazyk: Slovenština
Polština
Čeština
Angličtina
Vydáno: Ostrava : Stavební fakulta, Vysoká škola báňská - Technická univerzita Ostrava v nakl. Gasset, 2012
Vydání: Vyd. 1.
Témata:
Fyzický popis: 144 s. : il. (některé barev.), mapy, plány ; 25 cm
Language note: Část. anglický, slovenský a polský text, anglická resumé
Knihy
Uloženo v:
LEADER 02321nam a2200553 a 4500
001 nkc20132521700
003 CZ PrNK
005 20140127082456.0
007 ta
008 131122s2012 xr abe f 001 0 cze
015 |a cnb002521700 
020 |a 978-80-87079-26-3  |q (Allan Gintel - Gasset ;  |q brož.) 
035 |a (OCoLC)870288024 
040 |a BOA001  |b cze 
041 0 |a cze  |a eng  |a pol  |a slo  |b eng 
043 |a e-xr---  |a ec-----  |a ee----- 
045 |a x5y0 
072 7 |a 72  |x Architektura  |2 Konspekt  |9 21 
080 |a 72  |2 MRF 
080 |a 711.4  |2 MRF 
080 |a (437.3)  |2 MRF 
080 |a (4-191.2)+(4-11)  |2 MRF 
080 |a (048.8:082)  |2 MRF 
100 1 |a Peřinková, Martina,  |d 1964-  |7 mzk2008463773  |4 aut 
245 1 0 |a Architektura a urbanismus 2. poloviny 20. století /  |c Martina Peřinková a kolektiv 
250 |a Vyd. 1. 
260 |a Ostrava :  |b Stavební fakulta, Vysoká škola báňská - Technická univerzita Ostrava v nakl. Gasset,  |c 2012 
300 |a 144 s. :  |b il. (některé barev.), mapy, plány ;  |c 25 cm 
504 |a Obsahuje bibliografie, bibliografické odkazy a rejstřík 
546 |a Část. anglický, slovenský a polský text, anglická resumé 
648 7 |a 1951-2000  |7 ch460577  |2 czenas 
648 7 |a 20. století  |7 ch460558  |2 czenas 
650 0 7 |a architektura  |7 ph118586  |z Česko  |y 20. století  |2 czenas 
650 0 7 |a urbanismus  |7 ph116541  |z Česko  |y 20. století  |2 czenas 
650 0 7 |a architektura  |7 ph118586  |z Evropa střední a východní  |y 20. století  |2 czenas 
650 0 7 |a urbanismus  |7 ph116541  |z Evropa střední a východní  |y 20. století  |2 czenas 
650 0 9 |a architecture  |z Czechia  |y 20th century  |2 eczenas 
650 0 9 |a city planning  |z Czechia  |y 20th century  |2 eczenas 
650 0 9 |a architecture  |z Europe, Central and Eastern  |y 20th century  |2 eczenas 
650 0 9 |a city planning  |z Europe, Central and Eastern  |y 20th century  |2 eczenas 
655 7 |a kolektivní monografie  |7 fd501537  |2 czenas 
655 9 |a collective monographs  |2 eczenas 
710 2 |a Vysoká škola báňská - Technická univerzita Ostrava.  |b Stavební fakulta  |7 kn20010709394 
910 2 |a BOA001  |b 2-1314.897 
928 9 |a Gasset 
990 |a BK 
995 |a 01 
991 |b 201401  |c NOV  |e n 
996 6 |b 2610572785  |c 2-1314.897  |l MZK  |r Sklad / do 1 hodiny  |n 13  |p p.v.  |w 001386525  |u 000010  |a 1  |e BOA001  |j MZK50  |s P